[Event "HUN-chT2 Szechenyi 1819"]
[Site "Hungary"]
[Date "2019.03.10"]
[Round "7.6"]
[White "Major, Robert"]
[Black "Horvath, Reka"]
[Result "0-1"]
[WhiteElo "1792"]
[BlackElo "2015"]
[PlyCount "90"]
[EventDate "2018.10.28"]
[EventType "team-tourn"]
[EventRounds "9"]
[EventCountry "HUN"]
[SourceTitle "EXT 2021"]
[Source "ChessBase"]
[SourceDate "2020.10.23"]
[SourceVersion "1"]
[SourceVersionDate "2020.10.23"]
[SourceQuality "1"]
[WhiteTeam "Veszprem Ezust Huszar"]
[BlackTeam "Haladas Szombathely III"]
[WhiteTeamCountry "HUN"]
[BlackTeamCountry "HUN"]

1. Nf3 c5 2. b3 Nf6 3. Bb2 e6 4. e3 d5 5. d4 Nc6 6. Nbd2 Be7 7. Bd3 cxd4 8. Nxd4 0-0 9. 0-0 Nb4 10. N2f3 Nxd3 11. cxd3 Nd7 12. Ne2 b6 13. d4 Ba6 14. Re1 Bb4 15. Bc3 Bxe2 16. Rxe2 Bxc3 17. Rc1 Bb4 18. Rec2 Ba3 19. Rb1 Qe7 20. Ne1 Rfc8 21. Nd3 a5 22. g3 Nf6 23. f3 Ne8 24. Nb2 Qg5 25. Re2 Bxb2 26. Rbxb2 Nd6 27. Kf2 Qf5 28. Kg2 h5 29. h3 Nb5 30. Qd2 Nc3 31. Rf2 b5 32. Rc2 b4 33. g4 Qg6 34. Kh1 hxg4 35. hxg4 Qf6 36. Kg2 Rc6 37. Rb2 Rac8 38. Kg3 Qg6 39. Rh2 f5 40. Rh4 Nb5 41. Qe2 f4+ 42. Kxf4 Nd6 43. Rh2 Rc3 44. Rh5 Rf8+ 45. Kg3 Nf5+ 0-1

[Event "HUN-chT2 Szechenyi 1819"]
[Site "Hungary"]
[Date "2019.02.24"]
[Round "6.6"]
[White "Kadi, Richard"]
[Black "Major, Robert"]
[Result "1-0"]
[WhiteElo "1816"]
[BlackElo "1792"]
[PlyCount "71"]
[EventDate "2018.10.28"]
[EventType "team-tourn"]
[EventRounds "9"]
[EventCountry "HUN"]
[SourceTitle "EXT 2021"]
[Source "ChessBase"]
[SourceDate "2020.10.23"]
[SourceVersion "1"]
[SourceVersionDate "2020.10.23"]
[SourceQuality "1"]
[WhiteTeam "Gyor Szechenyi II"]
[BlackTeam "Veszprem Ezust Huszar"]
[WhiteTeamCountry "HUN"]
[BlackTeamCountry "HUN"]

1. e4 b6 2. Nc3 Bb7 3. d4 e6 4. Bd3 Nf6 5. Nge2 c5 6. 0-0 cxd4 7. Nxd4 Bc5 8. Be3 0-0 9. e5 Nd5 10. Nxd5 Bxd5 11. Qh5 g6 12. Qg4 f5 13. exf6 Qxf6 14. c3 Nc6 15. Nxc6 Bxc6 16. Bxc5 bxc5 17. f4 Rab8 18. Rab1 Kh8 19. h4 Rg8 20. Rf2 Rg7 21. Rbf1 Rbg8 22. Re1 h5 23. Qg5 Qxg5 24. hxg5 Rf7 25. Re5 Kg7 26. Rxc5 Rb8 27. b4 Rb6 28. Ra5 d5 29. Rc5 Bb7 30. a4 Rc6 31. Rxc6 Bxc6 32. b5 Bb7 33. g3 Rc7 34. Rc2 Kf7 35. Kf2 Rd7 36. Ke3 1-0

[Event "HUN-chT2 Szechenyi 1718"]
[Site "Hungary"]
[Date "2018.02.18"]
[Round "6.8"]
[White "Parragi, Istvan"]
[Black "Major, Robert"]
[Result "1-0"]
[WhiteElo "2046"]
[BlackElo "1733"]
[PlyCount "43"]
[EventDate "2017.10.29"]
[EventType "team-tourn"]
[EventRounds "9"]
[EventCountry "HUN"]
[SourceTitle "EXT 2021"]
[Source "ChessBase"]
[SourceDate "2020.10.23"]
[SourceVersion "1"]
[SourceVersionDate "2020.10.23"]
[SourceQuality "1"]
[WhiteTeam "Csuti Baki Agrocentrum"]
[BlackTeam "Veszprem Ezust Huszar"]
[WhiteTeamCountry "HUN"]
[BlackTeamCountry "HUN"]

1. e4 g6 2. d4 Bg7 3. Nc3 d6 4. h3 Nf6 5. g3 Nc6 6. d5 Ne5 7. Bg2 e6 8. dxe6 fxe6 9. Nge2 0-0 10. f4 Nf7 11. g4 e5 12. f5 gxf5 13. exf5 Nh5 14. 0-0 Nf6 15. Ng3 c6 16. g5 Ne8 17. Qh5 Nh8 18. Be3 d5 19. Rad1 Qc7 20. Nxd5 cxd5 21. Bxd5+ Nf7 22. g6 1-0

[Event "HUN-chT2 Szechenyi 1617"]
[Site "Hungary"]
[Date "2016.12.11"]
[Round "6.11"]
[White "Kaufmann, Bertalan"]
[Black "Major, Robert"]
[Result "0-1"]
[WhiteElo "1374"]
[BlackElo "1667"]
[PlyCount "42"]
[EventDate "2016.09.25"]
[EventType "team-tourn"]
[EventRounds "11"]
[EventCountry "HUN"]
[SourceTitle "EXT 2021"]
[Source "ChessBase"]
[SourceDate "2020.10.23"]
[SourceVersion "1"]
[SourceVersionDate "2020.10.23"]
[SourceQuality "1"]
[WhiteTeam "Ajka ASSE"]
[BlackTeam "Veszprem Ezust Huszar"]
[WhiteTeamCountry "HUN"]
[BlackTeamCountry "HUN"]

1. e4 c5 2. Nf3 d6 3. d4 cxd4 4. Nxd4 Nf6 5. Nc3 g6 6. Nf3 Bg4 7. h3 Bxf3 8. Qxf3 Bg7 9. Be3 0-0 10. 0-0-0 Qc7 11. Kb1 a6 12. Be2 Nc6 13. g4 Ne5 14. Qg3 Rac8 15. f4 Nxe4 16. Qe1 Nxc3+ 17. bxc3 Nc4 18. Bxc4 Qxc4 19. Bd2 Rc5 20. Rg1 Rb5+ 21. Ka1 Ra5 0-1

[Event "HUN-chT2 Szechenyi 1617"]
[Site "Hungary"]
[Date "2016.10.30"]
[Round "3.9"]
[White "Major, Robert"]
[Black "Suket, Ferenc"]
[Result "1/2-1/2"]
[WhiteElo "1667"]
[BlackElo "1832"]
[PlyCount "48"]
[EventDate "2016.09.25"]
[EventType "team-tourn"]
[EventRounds "11"]
[EventCountry "HUN"]
[SourceTitle "EXT 2021"]
[Source "ChessBase"]
[SourceDate "2020.10.23"]
[SourceVersion "1"]
[SourceVersionDate "2020.10.23"]
[SourceQuality "1"]
[WhiteTeam "Veszprem Ezust Huszar"]
[BlackTeam "Keszthely Spartacus"]
[WhiteTeamCountry "HUN"]
[BlackTeamCountry "HUN"]

1. e4 e5 2. Nf3 Nc6 3. Bc4 Bc5 4. c3 Nf6 5. d3 d6 6. 0-0 0-0 7. Bb3 h6 8. h3 Be6 9. Bc2 d5 10. Nbd2 dxe4 11. Nxe4 Nxe4 12. dxe4 Qf6 13. Qe2 a6 14. Be3 Be7 15. Rfd1 Rad8 16. b3 Qg6 17. Kh2 f5 18. exf5 Bxf5 19. Bxf5 Qxf5 20. Kg1 g5 21. Rxd8 Rxd8 22. Rd1 Rxd1+ 23. Qxd1 Kg7 24. a4 Kf6 1/2-1/2

[Event "HUN-chT2 Szechenyi 1617"]
[Site "Hungary"]
[Date "2016.09.25"]
[Round "1.11"]
[White "Wekszli, Arpad"]
[Black "Major, Robert"]
[Result "0-1"]
[WhiteElo "1690"]
[BlackElo "1667"]
[PlyCount "92"]
[EventDate "2016.09.25"]
[EventType "team-tourn"]
[EventRounds "11"]
[EventCountry "HUN"]
[SourceTitle "EXT 2021"]
[Source "ChessBase"]
[SourceDate "2020.10.23"]
[SourceVersion "1"]
[SourceVersionDate "2020.10.23"]
[SourceQuality "1"]
[WhiteTeam "Lovo"]
[BlackTeam "Veszprem Ezust Huszar"]
[WhiteTeamCountry "HUN"]
[BlackTeamCountry "HUN"]

1. e4 c5 2. g3 g6 3. Bg2 Bg7 4. c3 Nc6 5. Ne2 e5 6. 0-0 d6 7. d3 Nge7 8. Bg5 0-0 9. f4 Qb6 10. Bxe7 Nxe7 11. Qb3 Qc7 12. Nd2 Rb8 13. fxe5 dxe5 14. Qc2 Be6 15. c4 Nc6 16. a3 a5 17. Nf3 h6 18. Nc3 b6 19. Rad1 Nd4 20. Nxd4 cxd4 21. Nb5 Qc5 22. Qd2 Bxc4 23. dxc4 Qxc4 24. Qd3 Qe6 25. Nc7 Qd6 26. Nd5 Qe6 27. h4 Rfc8 28. Kh2 Rc5 29. Bh3 f5 30. b4 Rxd5 31. exd5 Qxd5 32. Rc1 e4 33. Bg2 Qd6 34. Qc4+ Kh7 35. Qc7 Qxc7 36. Rxc7 axb4 37. axb4 Rd8 38. g4 Kh8 39. Rc6 Be5+ 40. Kh1 e3 41. gxf5 e2 42. Rfc1 d3 43. Rxg6 Bf4 44. Rg1 d2 45. Bd5 e1Q 46. R6g4 d1Q 0-1

[Event "HUN-chT2 Asztalos 1516"]
[Site "Hungary"]
[Date "2016.02.28"]
[Round "8.9"]
[White "Major, Robert"]
[Black "Boka, Robert"]
[Result "1-0"]
[WhiteElo "1638"]
[BlackElo "1795"]
[PlyCount "103"]
[EventDate "2015.09.13"]
[EventType "team-tourn"]
[EventRounds "11"]
[EventCountry "HUN"]
[SourceTitle "EXT 2017"]
[Source "ChessBase"]
[SourceDate "2016.10.25"]
[SourceVersion "1"]
[SourceVersionDate "2016.10.25"]
[SourceQuality "1"]
[WhiteTeam "Pet"]
[BlackTeam "Komlo Banyasz"]
[WhiteTeamCountry "HUN"]
[BlackTeamCountry "HUN"]

1. e4 c5 2. Nf3 e6 3. d4 cxd4 4. Nxd4 a6 5. Be2 Nf6 6. e5 Qa5+ 7. Nd2 Qxe5 8. N2f3 Qc7 9. 0-0 d5 10. c3 e5 11. Nc2 Bd6 12. g3 Bh3 13. Re1 h6 14. Ne3 Be6 15. Nh4 Qd7 16. b3 Nc6 17. Bb2 Bc5 18. Nhg2 0-0 19. Rc1 Rad8 20. Bf3 e4 21. Be2 g5 22. h4 Ne5 23. Nc2 Qc7 24. Nd4 Bg4 25. Bxg4 Nfxg4 26. Ne3 Nxf2 27. Kxf2 Nd3+ 28. Kg2 Nxb2 29. Qh5 Qb6 30. Nef5 Qg6 31. Qg4 gxh4 32. Qxh4 Nd3 33. Rh1 h5 34. b4 Bd6 35. Nxd6 Rxd6 36. Rcf1 f6 37. Rf5 Rf7 38. Rxh5 e3 39. Nf5 Rfd7 40. Rh8+ Kf7 41. Rh7+ Kf8 42. Rxd7 Rxd7 43. Qh8+ Kf7 44. Rh7+ Ke6 45. Nd4+ Ke5 46. Qb8+ Ke4 47. Rh4+ Nf4+ 48. Qxf4+ Kd3 49. Nf5 Qg5 50. Qd4+ Ke2 51. Rf4 Rc7 52. Qxe3+ 1-0

[Event "HUN-chT2 Asztalos 1516"]
[Site "Hungary"]
[Date "2015.12.06"]
[Round "6.10"]
[White "Gyenis, Denes"]
[Black "Major, Robert"]
[Result "1-0"]
[WhiteElo "1386"]
[BlackElo "1638"]
[PlyCount "75"]
[EventDate "2015.09.13"]
[EventType "team-tourn"]
[EventRounds "11"]
[EventCountry "HUN"]
[SourceTitle "CBM 170 Extra"]
[Source "ChessBase"]
[SourceDate "2016.02.25"]
[SourceVersion "1"]
[SourceVersionDate "2016.02.25"]
[SourceQuality "1"]
[WhiteTeam "Szentlorinc"]
[BlackTeam "Pet"]
[WhiteTeamCountry "HUN"]
[BlackTeamCountry "HUN"]

1. e4 c5 2. Nf3 d6 3. d4 cxd4 4. Nxd4 Nf6 5. Nc3 g6 6. Be3 Bg7 7. Qd2 Ng4 8. f3 Nxe3 9. Qxe3 Nc6 10. Nb3 0-0 11. 0-0-0 Be6 12. Kb1 a6 13. g4 b5 14. h4 b4 15. Nd5 Bxd5 16. Rxd5 a5 17. h5 a4 18. Nc1 Ra5 19. hxg6 fxg6 20. Rd2 Ne5 21. Be2 Qc7 22. f4 Nc4 23. Bxc4+ Qxc4 24. Qd3 Qc6 25. f5 b3 26. cxb3 axb3 27. Nxb3 Rb5 28. Rc1 Qb7 29. Qc4+ Kh8 30. fxg6 h6 31. Qc6 Rxb3 32. axb3 Qxb3 33. Qc4 Qf3 34. g5 Qf4 35. Rg2 Rb8 36. gxh6 Qxh6 37. Qe6 Qh4 38. Rc8+ 1-0

[Event "HUN-chT2 Asztalos 1415"]
[Site "Hungary"]
[Date "2015.03.01"]
[Round "7"]
[White "Major, Robert"]
[Black "Majnay, Peter"]
[Result "1/2-1/2"]
[WhiteElo "1589"]
[BlackElo "1587"]
[PlyCount "86"]
[EventDate "2014.10.12"]
[EventType "team-tourn"]
[EventRounds "9"]
[EventCountry "HUN"]
[SourceTitle "EXT 2016"]
[Source "ChessBase"]
[SourceDate "2015.10.08"]
[SourceVersion "1"]
[SourceVersionDate "2015.10.08"]
[SourceQuality "1"]
[WhiteTeam "Peti MTE"]
[BlackTeam "Decs II"]
[WhiteTeamCountry "HUN"]
[BlackTeamCountry "HUN"]

1. e4 c5 2. Nf3 d6 3. d4 cxd4 4. Nxd4 Nf6 5. Nc3 a6 6. Be3 e6 7. f3 Be7 8. Qd2 Qc7 9. g4 Nc6 10. 0-0-0 Ne5 11. Be2 Nc4 12. Bxc4 Qxc4 13. h4 b5 14. Kb1 Bd7 15. h5 b4 16. Nce2 e5 17. b3 Qc7 18. Nf5 Bxf5 19. exf5 h6 20. Qxb4 d5 21. Qa4+ Qd7 22. Qxd7+ Kxd7 23. g5 hxg5 24. Bxg5 Kc6 25. c4 dxc4 26. Rc1 Kb6 27. Rxc4 Nd5 28. Bxe7 Nxe7 29. f4 Nxf5 30. fxe5 Rae8 31. Rb4+ Ka7 32. Rc4 Kb6 33. Rb4+ Ka7 34. Nd4 Nxd4 35. Rxd4 Rxe5 36. Rd7+ Kb6 37. Rxf7 Rexh5 38. Rxh5 Rxh5 39. Rxg7 Rh2 40. Rg4 Kb5 41. Rc4 a5 42. a4+ Kb6 43. Rc3 Rg2 1/2-1/2

[Event "HUN-chT2 Breyer 1314"]
[Site "Hungary"]
[Date "2014.03.23"]
[Round "7"]
[White "Major, Robert"]
[Black "Loczy, Miklos"]
[Result "1-0"]
[WhiteElo "1515"]
[BlackElo "1804"]
[PlyCount "133"]
[EventDate "2013.09.08"]
[EventType "team-tourn"]
[EventRounds "9"]
[EventCountry "HUN"]
[SourceTitle "EXT 2016"]
[Source "ChessBase"]
[SourceDate "2015.10.08"]
[SourceVersion "1"]
[SourceVersionDate "2015.10.08"]
[SourceQuality "1"]
[WhiteTeam "Pet"]
[BlackTeam "Gyor Szechenyi"]
[WhiteTeamCountry "HUN"]
[BlackTeamCountry "HUN"]

1. e4 e5 2. Nf3 Nc6 3. Bc4 Bc5 4. c3 Nf6 5. d3 d6 6. Bb3 a6 7. 0-0 Bg4 8. Nbd2 Qd7 9. h3 Be6 10. Bc2 h6 11. Re1 g5 12. Nf1 g4 13. hxg4 Bxg4 14. Be3 0-0-0 15. b4 Bxe3 16. Nxe3 d5 17. Nxg4 Qxg4 18. exd5 Rxd5 19. Bb3 Rg8 20. g3 Rd7 21. Nxe5 Nxe5 22. Rxe5 Qh3 23. Qf3 Ng4 24. Rf5 Nxf2 25. Kxf2 Rxg3 26. Qxg3 Qxf5+ 27. Ke2 Re7+ 28. Kd2 f6 29. Re1 Rxe1 30. Qxe1 Kd7 31. Qe3 Qg5 32. Qxg5 hxg5 33. Ke3 f5 34. Kf3 Kd6 35. d4 b6 36. a4 c6 37. Ba2 Ke7 38. Bb1 Kf6 39. Bd3 a5 40. b5 cxb5 41. Bxb5 Ke6 42. c4 Kd6 43. Ke3 Ke7 44. c5 bxc5 45. dxc5 Ke6 46. c6 Kd6 47. Kf3 Kc7 48. Bd3 g4+ 49. Kf4 Kxc6 50. Bxf5 Kc5 51. Bxg4 Kd4 52. Kf5 Kd5 53. Bf3+ Kd6 54. Ke4 Kc5 55. Ke5 Kb4 56. Bc6 Kc5 57. Bb5 Kb6 58. Kd6 Kb7 59. Kd7 Kb6 60. Kc8 Ka7 61. Kc7 Ka8 62. Kb6 Kb8 63. Kxa5 Kc7 64. Ka6 Kb8 65. Bc6 Kc7 66. Bh1 Kc8 67. Kb6 1-0

[Event "HUN-chT2 Breyer 1314"]
[Site "Hungary"]
[Date "2013.10.20"]
[Round "3"]
[White "Kiss, Istvan"]
[Black "Major, Robert"]
[Result "1-0"]
[WhiteElo "1804"]
[BlackElo "1515"]
[PlyCount "133"]
[EventDate "2013.09.08"]
[EventType "team-tourn"]
[EventRounds "9"]
[EventCountry "HUN"]
[SourceTitle "EXT 2016"]
[Source "ChessBase"]
[SourceDate "2015.10.08"]
[SourceVersion "1"]
[SourceVersionDate "2015.10.08"]
[SourceQuality "1"]
[WhiteTeam "Zoltek"]
[BlackTeam "Pet"]
[WhiteTeamCountry "HUN"]
[BlackTeamCountry "HUN"]

1. e4 c5 2. g3 d5 3. Bg2 dxe4 4. Bxe4 Nf6 5. Bg2 e5 6. Qe2 Nbd7 7. Nc3 Qc7 8. d3 a6 9. f4 Be7 10. Nf3 exf4 11. Bxf4 Qd8 12. 0-0 0-0 13. Nd2 Re8 14. Qf3 Ra7 15. Nde4 Nxe4 16. Nxe4 Nf6 17. Be5 b5 18. Nxf6+ Bxf6 19. Bxf6 Qxf6 20. Qxf6 gxf6 21. Rxf6 Re2 22. Rc1 Rae7 23. Rf2 R2e3 24. Be4 Re5 25. Rf6 Re2 26. Rf2 Re3 27. Rcf1 Bh3 28. Bg2 Bxg2 29. Kxg2 Re7 30. Rf4 Re2+ 31. R1f2 Kg7 32. Rxf7+ Rxf7 33. Rxe2 Rd7 34. Kf3 c4 35. Re3 Kf6 36. dxc4 bxc4 37. Rc3 Rb7 38. b3 cxb3 39. axb3 Rb6 40. Rc5 h6 41. Ke3 Ke6 42. h4 Kf6 43. Kd4 Ke6 44. Rh5 Kd7 45. Rd5+ Ke6 46. Rc5 Kd7 47. Rc3 Kd6 48. Rc4 Rb5 49. Kc3 h5 50. g4 hxg4 51. Rxg4 Rh5 52. Kd4 Kc6 53. Ke3 Rc5 54. Rc4 Rxc4 55. bxc4 a5 56. h5 Kc5 57. Kd3 Kb4 58. h6 a4 59. h7 Ka3 60. h8Q Ka2 61. c5 a3 62. Qa8 Kb1 63. c6 a2 64. Qxa2+ Kxa2 65. c7 Kb1 66. c8Q Kc1 67. Qb7 1-0

[Event "HUN-chT2 Breyer 1314"]
[Site "Hungary"]
[Date "2013.09.22"]
[Round "2"]
[White "Major, Robert"]
[Black "Gombocz, Ferenc"]
[Result "0-1"]
[WhiteElo "1515"]
[BlackElo "1979"]
[PlyCount "46"]
[EventDate "2013.09.08"]
[EventType "team-tourn"]
[EventRounds "9"]
[EventCountry "HUN"]
[SourceTitle "EXT 2016"]
[Source "ChessBase"]
[SourceDate "2015.10.08"]
[SourceVersion "1"]
[SourceVersionDate "2015.10.08"]
[SourceQuality "1"]
[WhiteTeam "Pet"]
[BlackTeam "Biatorbagy"]
[WhiteTeamCountry "HUN"]
[BlackTeamCountry "HUN"]

1. e4 c5 2. Nf3 Nc6 3. d4 cxd4 4. Nxd4 Nf6 5. Nc3 e5 6. Ndb5 d6 7. Bg5 a6 8. Na3 b5 9. Nd5 Be7 10. Bxf6 Bxf6 11. c4 b4 12. Nc2 Rb8 13. b3 Bg5 14. Qf3 0-0 15. Be2 f5 16. exf5 Bxf5 17. Nce3 Nd4 18. Nf6+ Qxf6 19. Qd5+ Be6 20. Qe4 Qxf2+ 21. Kd2 Qxe2+ 22. Kc1 Bxe3+ 23. Kb1 Rf2 0-1

[Event "HUN-chT2 Szechenyi 1213"]
[Site "Hungary"]
[Date "2013.02.17"]
[Round "7.8"]
[White "Szokolszky, Miklos"]
[Black "Major, Robert"]
[Result "1-0"]
[WhiteElo "1818"]
[BlackElo "1511"]
[PlyCount "39"]
[EventDate "2012.09.16"]
[EventType "team-tourn"]
[EventRounds "11"]
[EventCountry "HUN"]
[SourceTitle "EXT 2014"]
[Source "ChessBase"]
[SourceDate "2013.11.20"]
[SourceVersion "1"]
[SourceVersionDate "2013.11.20"]
[SourceQuality "1"]
[WhiteTeam "Sarvar"]
[BlackTeam "Peti MTE"]
[WhiteTeamCountry "HUN"]
[BlackTeamCountry "HUN"]

1. e4 c5 2. Nf3 d6 3. d4 cxd4 4. Nxd4 Nf6 5. Nc3 g6 6. Be2 Bg7 7. Be3 0-0 8. Qd2 Re8 9. h4 Bd7 10. h5 a6 11. hxg6 hxg6 12. Bh6 Nh5 13. Bxh5 e5 14. Bxg7 Kxg7 15. Be2 exd4 16. Qh6+ Kf6 17. Nd5+ Ke6 18. Bg4+ f5 19. Bxf5+ Kf7 20. Qxg6+ 1-0

[Event "HUN-chT2 Szechenyi 1213"]
[Site "Hungary"]
[Date "2013.01.27"]
[Round "6.10"]
[White "Major, Robert"]
[Black "Kovacs, Dezso"]
[Result "0-1"]
[WhiteElo "1511"]
[BlackElo "1943"]
[PlyCount "74"]
[EventDate "2012.09.16"]
[EventType "team-tourn"]
[EventRounds "11"]
[EventCountry "HUN"]
[SourceTitle "EXT 2014"]
[Source "ChessBase"]
[SourceDate "2013.11.20"]
[SourceVersion "1"]
[SourceVersionDate "2013.11.20"]
[SourceQuality "1"]
[WhiteTeam "Peti MTE"]
[BlackTeam "Lovo"]
[WhiteTeamCountry "HUN"]
[BlackTeamCountry "HUN"]

1. e4 d5 2. exd5 Qxd5 3. Nc3 Qa5 4. d4 Nf6 5. Nf3 Bg4 6. Be2 Nbd7 7. 0-0 e6 8. a3 c6 9. Be3 Bd6 10. Nd2 Qh5 11. h3 Bxe2 12. Qxe2 Qg6 13. Nf3 Qf5 14. Nh4 Qa5 15. Bd2 Qc7 16. Ne4 Nxe4 17. Qxe4 Nf6 18. Qe2 0-0 19. Nf3 Rad8 20. Bc3 Nd5 21. Qd3 Qe7 22. Bd2 h6 23. Rae1 Qf6 24. Ne5 c5 25. c3 cxd4 26. cxd4 Nb6 27. Bc3 Bxe5 28. Rxe5 Qxe5 29. Re1 Qc7 30. Qf3 Rd5 31. Rd1 Rfd8 32. Qg4 Na4 33. Qf3 Nxc3 34. bxc3 Rc8 35. Rd3 Qa5 36. Kh2 Qxa3 37. c4 Qd6+ 0-1

[Event "HUN-chT2 Szechenyi 1213"]
[Site "Hungary"]
[Date "2012.12.02"]
[Round "5.8"]
[White "Simai, Laszlo"]
[Black "Major, Robert"]
[Result "1-0"]
[WhiteElo "1919"]
[BlackElo "1511"]
[PlyCount "76"]
[EventDate "2012.09.16"]
[EventType "team-tourn"]
[EventRounds "11"]
[EventCountry "HUN"]
[SourceTitle "EXT 2014"]
[Source "ChessBase"]
[SourceDate "2013.11.20"]
[SourceVersion "1"]
[SourceVersionDate "2013.11.20"]
[SourceQuality "1"]
[WhiteTeam "Veszprem"]
[BlackTeam "Peti MTE"]
[WhiteTeamCountry "HUN"]
[BlackTeamCountry "HUN"]

1. e4 c5 2. Nf3 d6 3. d4 cxd4 4. Nxd4 Nf6 5. Nc3 a6 6. a4 g6 7. Be2 Bg7 8. 0-0 0-0 9. Be3 Nbd7 10. f4 e5 11. Nb3 Nb6 12. a5 Nbd7 13. Qxd6 exf4 14. Qxf4 Re8 15. Rad1 Qe7 16. Bf3 Ne5 17. Bc5 Nxf3+ 18. gxf3 Nh5 19. Bxe7 Nxf4 20. Bb4 Bh3 21. Rfe1 Rad8 22. Kf2 Nh5 23. Rxd8 Rxd8 24. e5 Bh6 25. Ne4 Rc8 26. c3 Bg7 27. Bd6 Re8 28. Ng5 Be6 29. Nxe6 fxe6 30. Nc5 Nf4 31. Re4 Bh6 32. Kg3 Nh5+ 33. Kg4 Kf7 34. Rb4 b5 35. axb6 Be3 36. b7 Bxc5 37. Bxc5 a5 38. Rb5 Rb8 1-0

[Event "HUN-chT2 Szechenyi 1213"]
[Site "Hungary"]
[Date "2012.11.18"]
[Round "4.10"]
[White "Major, Robert"]
[Black "Toth, Laszlo"]
[Result "1/2-1/2"]
[WhiteElo "1511"]
[BlackElo "1874"]
[PlyCount "77"]
[EventDate "2012.09.16"]
[EventType "team-tourn"]
[EventRounds "11"]
[EventCountry "HUN"]
[SourceTitle "EXT 2014"]
[Source "ChessBase"]
[SourceDate "2013.11.20"]
[SourceVersion "1"]
[SourceVersionDate "2013.11.20"]
[SourceQuality "1"]
[WhiteTeam "Peti MTE"]
[BlackTeam "Zala Volan"]
[WhiteTeamCountry "HUN"]
[BlackTeamCountry "HUN"]

1. e4 e5 2. Nf3 Nc6 3. d4 exd4 4. Nxd4 Nf6 5. Nc3 Bb4 6. Nxc6 bxc6 7. Bd2 0-0 8. Bd3 Re8 9. 0-0 d6 10. h3 Bxc3 11. Bxc3 Nxe4 12. Bxe4 Rxe4 13. Qf3 f5 14. Rae1 d5 15. Qg3 Qe7 16. f3 Re6 17. Rxe6 Bxe6 18. Re1 g6 19. Qe5 Kf7 20. Qg7+ Ke8 21. Qh8+ Kd7 22. Qxa8 Qc5+ 23. Kh1 Qf2 24. Bf6 Qxe1+ 25. Kh2 c5 26. Qxa7 Qb4 27. Be5 Qb6 28. Qa4+ Qc6 29. Qh4 Bg8 30. Qh6 Qe6 31. Qf4 g5 32. Qa4+ Qc6 33. Qa7 Qb6 34. Qa8 Qe6 35. Qa4+ Qc6 36. Qa5 Be6 37. Qa7 g4 38. Qb8 gxf3 39. gxf3 1/2-1/2

[Event "HUN-chT2 Szechenyi 1213"]
[Site "Hungary"]
[Date "2012.10.07"]
[Round "2.10"]
[White "Major, Robert"]
[Black "Vida, Krisztian"]
[Result "1/2-1/2"]
[WhiteElo "1511"]
[BlackElo "1552"]
[PlyCount "27"]
[EventDate "2012.09.16"]
[EventType "team-tourn"]
[EventRounds "11"]
[EventCountry "HUN"]
[SourceTitle "EXT 2014"]
[Source "ChessBase"]
[SourceDate "2013.11.20"]
[SourceVersion "1"]
[SourceVersionDate "2013.11.20"]
[SourceQuality "1"]
[WhiteTeam "Peti MTE"]
[BlackTeam "Haladas III"]
[WhiteTeamCountry "HUN"]
[BlackTeamCountry "HUN"]

1. e4 c5 2. Nf3 d6 3. d4 cxd4 4. Nxd4 Nf6 5. Nc3 Nc6 6. Bb5 Bd7 7. Be3 e6 8. 0-0 Be7 9. Qe2 0-0 10. Rad1 a6 11. Bxc6 bxc6 12. Nb3 Qc7 13. Kh1 c5 14. Rfe1 1/2-1/2

[Event "HUN-chT2 Szechenyi 1213"]
[Site "Hungary"]
[Date "2012.09.16"]
[Round "1.10"]
[White "Horvath, Lajos"]
[Black "Major, Robert"]
[Result "1-0"]
[WhiteElo "1804"]
[BlackElo "1511"]
[PlyCount "79"]
[EventDate "2012.09.16"]
[EventType "team-tourn"]
[EventRounds "11"]
[EventCountry "HUN"]
[SourceTitle "EXT 2014"]
[Source "ChessBase"]
[SourceDate "2013.11.20"]
[SourceVersion "1"]
[SourceVersionDate "2013.11.20"]
[SourceQuality "1"]
[WhiteTeam "Keszthely"]
[BlackTeam "Peti MTE"]
[WhiteTeamCountry "HUN"]
[BlackTeamCountry "HUN"]

1. c4 Nf6 2. Nc3 g6 3. e3 Bg7 4. d4 0-0 5. Nf3 d6 6. b3 Nbd7 7. Bb2 c5 8. Be2 b6 9. Ng5 Bb7 10. Bf3 Qc7 11. 0-0 h6 12. Bxb7 Qxb7 13. Qf3 Qc8 14. Nge4 Nh7 15. Nd5 Qd8 16. Rab1 Rb8 17. dxc5 bxc5 18. Bxg7 Kxg7 19. Rbd1 Nhf6 20. Nexf6 Nxf6 21. Nxf6 exf6 22. Rd2 Rb6 23. Rfd1 Qe7 24. Rd5 Rd8 25. R1d2 Qc7 26. Qd1 Kf8 27. e4 Ke7 28. f4 Rbb8 29. Qa1 Ke6 30. Qc3 g5 31. Qh3+ Ke7 32. Rf5 Rh8 33. Qc3 Kd7 34. Qxf6 gxf4 35. Qxf7+ Kc6 36. Qd5+ Kb6 37. Rf7 Qc6 38. Qxd6 Qxd6 39. Rxd6+ Ka5 40. Rxa7+ 1-0

[Event "HUN-chT2 Szechenyi 1112"]
[Site "Hungary"]
[Date "2012.02.19"]
[Round "6.11"]
[White "Parej, Jozsef"]
[Black "Major, Robert"]
[Result "1-0"]
[WhiteElo "1964"]
[BlackElo "1565"]
[PlyCount "151"]
[EventDate "2011.09.25"]
[EventType "team-tourn"]
[EventRounds "11"]
[EventCountry "HUN"]
[SourceTitle "EXT 2013"]
[Source "ChessBase"]
[SourceDate "2012.11.22"]
[SourceVersion "1"]
[SourceVersionDate "2012.11.22"]
[SourceQuality "1"]
[WhiteTeam "Tapolca"]
[BlackTeam "Pet"]
[WhiteTeamCountry "HUN"]
[BlackTeamCountry "HUN"]

1. e4 c5 2. Nf3 d6 3. d4 cxd4 4. c3 Nf6 5. e5 Ng4 6. exd6 Qxd6 7. Qxd4 Qxd4 8. Nxd4 a6 9. h3 Nf6 10. Bg5 h6 11. Bxf6 exf6 12. g3 Bc5 13. Nb3 Bb6 14. Bg2 0-0 15. 0-0 Ra7 16. N1d2 Bd7 17. Rfe1 Bc6 18. Nc4 Bd8 19. Nd4 Bxg2 20. Kxg2 b5 21. Nd6 Rd7 22. N6f5 Kh7 23. Ne3 Bb6 24. Nec2 Rc8 25. a3 Nc6 26. Nxc6 Rxc6 27. Re2 Re6 28. Rae1 Rde7 29. Kf3 Kg6 30. Rxe6 Rxe6 31. Rxe6 fxe6 32. Ne3 f5 33. Ke2 Kf6 34. f4 g5 35. b3 e5 36. Nd5+ Ke6 37. Nxb6 exf4 38. gxf4 g4 39. h4 Kf7 40. h5 Ke8 41. Nd5 Kf7 42. Nc7 Ke7 43. Nxa6 Kd6 44. Nb4 Kc5 45. Ke3 Kd6 46. Nd3 Kd5 47. Ne5 Ke6 48. Kd4 g3 49. Nf3 Kd6 50. a4 bxa4 51. bxa4 g2 52. a5 Kc6 53. a6 Kb6 54. a7 Kxa7 55. Kc5 Kb7 56. Kd6 Kc8 57. Ke5 Kd7 58. Kxf5 Kd6 59. Kg6 Kd5 60. Kf5 Kc4 61. Ke4 Kxc3 62. f5 Kc4 63. f6 Kc5 64. f7 Kc6 65. f8Q Kb5 66. Qxh6 Kc5 67. Qg5+ Kc6 68. Qxg2 Kd6 69. h6 Kc5 70. h7 Kb4 71. Qc2 Kb5 72. Qc3 Kb6 73. Qc4 Kb7 74. Qc5 Ka6 75. Qb4 Ka7 76. Qb5 1-0